[Event "SB-2021-0-00619"]
[Site "LSS email"]
[Date "2021.08.01"]
[Round "?"]
[White "Shapovalov, Sergey"]
[Black "Martin, Simone"]
[Result "1/2-1/2"]
[WhiteElo "1809"]
[BlackElo "1839"]
[PlyCount "38"]
[EventDate "2021.06.11"]
[EventType "tourn (corr)"]
[EventRounds "6"]
[EventCountry "GER"]
[SourceTitle "Corr 2024"]
[Source "ChessBase"]
[SourceDate "2023.10.19"]
[SourceVersion "1"]
[SourceVersionDate "2023.10.19"]
[SourceQuality "1"]

1. e4 e5 2. Nf3 Nc6 3. Bc4 Nf6 4. d3 Bc5 5. c3 a6 6. Bb3 d6 7. 0-0 Ba7 8. Nbd2 0-0 9. h3 h6 10. Re1 Re8 11. Nf1 Be6 12. Bxe6 Rxe6 13. Be3 Bxe3 14. Nxe3 Ne7 15. c4 b5 16. b4 c5 17. a3 bxc4 18. Nxc4 Rc8 19. Qb3 Rb8 1/2-1/2

[Event "RB-2021-0-00405"]
[Site "LSS email"]
[Date "2021.07.29"]
[Round "?"]
[White "Langheld, Werner"]
[Black "Shapovalov, Sergey"]
[Result "1/2-1/2"]
[WhiteElo "1842"]
[BlackElo "1809"]
[PlyCount "49"]
[EventDate "2021.04.17"]
[EventType "tourn (corr)"]
[EventRounds "6"]
[EventCountry "GER"]
[SourceTitle "Corr 2024"]
[Source "ChessBase"]
[SourceDate "2023.10.19"]
[SourceVersion "1"]
[SourceVersionDate "2023.10.19"]
[SourceQuality "1"]

1. e4 c5 2. b4 cxb4 3. a3 d5 4. exd5 Qxd5 5. Nf3 e5 6. c4 Qd8 7. Bb2 e4 8. Ne5 bxa3 9. Nxa3 Nf6 10. Be2 Be7 11. Nb5 Nc6 12. 0-0 0-0 13. d4 exd3 14. Bxd3 Nb4 15. Nxa7 Nxd3 16. Nxc8 Rxc8 17. Qxd3 Qxd3 18. Nxd3 Rxc4 19. Ra7 Rc7 20. g3 Rd8 21. Rc1 Rxc1+ 22. Nxc1 Bc5 23. Rxb7 Ne4 24. Kg2 f6 25. f4 1/2-1/2

[Event "SB-2021-0-00614"]
[Site "LSS email"]
[Date "2021.05.17"]
[Round "?"]
[White "Shapovalov, Sergey"]
[Black "Do Amaral, Rogerio"]
[Result "1/2-1/2"]
[WhiteElo "1815"]
[BlackElo "1876"]
[PlyCount "57"]
[EventDate "2021.02.28"]
[EventType "tourn (corr)"]
[EventRounds "6"]
[EventCountry "GER"]
[SourceTitle "Corr 2024"]
[Source "ChessBase"]
[SourceDate "2023.10.19"]
[SourceVersion "1"]
[SourceVersionDate "2023.10.19"]
[SourceQuality "1"]

1. e4 c6 2. d4 d5 3. e5 Bf5 4. Nc3 e6 5. g4 Bg6 6. Nge2 c5 7. h4 h5 8. Nf4 cxd4 9. Nxg6 fxg6 10. Qxd4 Nc6 11. Bb5 Nge7 12. Bg5 a6 13. Bxc6+ Nxc6 14. Qd3 Qc7 15. Qxg6+ Qf7 16. Qxf7+ Kxf7 17. gxh5 Nxe5 18. 0-0-0 Rxh5 19. f4 Nf3 20. Rdf1 Nd4 21. f5 exf5 22. Rf4 Ne6 23. Rxf5+ Kg6 24. Re5 Nxg5 25. Rg1 Rxh4 26. Rexg5+ Kh7 27. Rxd5 b5 28. Rd7 b4 29. Nd5 1/2-1/2

[Event "SB-2021-0-00614"]
[Site "LSS email"]
[Date "2021.05.16"]
[Round "?"]
[White "Mathes, Christian"]
[Black "Shapovalov, Sergey"]
[Result "1-0"]
[WhiteElo "1846"]
[BlackElo "1815"]
[PlyCount "57"]
[EventDate "2021.02.28"]
[EventType "tourn (corr)"]
[EventRounds "6"]
[EventCountry "GER"]
[SourceTitle "Corr 2024"]
[Source "ChessBase"]
[SourceDate "2023.10.19"]
[SourceVersion "1"]
[SourceVersionDate "2023.10.19"]
[SourceQuality "1"]

1. e4 Nf6 2. e5 Nd5 3. d4 d6 4. Nf3 dxe5 5. Nxe5 c6 6. Be2 Bf5 7. 0-0 Nd7 8. Nf3 h6 9. c4 N5f6 10. Nc3 e6 11. Bf4 g5 12. Bg3 Nh5 13. d5 Nxg3 14. hxg3 Bg7 15. Nd4 Bxd4 16. Qxd4 Qf6 17. Qe3 Qe5 18. Qd2 cxd5 19. cxd5 0-0 20. f4 gxf4 21. Rxf4 Qg7 22. Raf1 a6 23. g4 Bg6 24. Bd3 Bxd3 25. Qxd3 b5 26. Ne4 Rae8 27. b3 Qg6 28. d6 Rc8 29. Qe2 1-0

[Event "ZI-2020-0-02668"]
[Site "LSS email"]
[Date "2020.11.12"]
[Round "?"]
[White "Tsiganok, Gleb"]
[Black "Shapovalov, Sergey"]
[Result "0-1"]
[WhiteElo "1777"]
[BlackElo "1800"]
[PlyCount "86"]
[EventDate "2020.09.27"]
[EventType "match (corr)"]
[EventRounds "2"]
[EventCountry "GER"]
[SourceTitle "Corr 2022"]
[Source "ChessBase"]
[SourceDate "2021.10.24"]
[SourceVersion "1"]
[SourceVersionDate "2021.10.24"]
[SourceQuality "1"]

1. e4 e5 2. Nc3 Nf6 3. Be2 Bc5 4. d3 Nc6 5. f4 d6 6. Nf3 Ng4 7. Rf1 Nxh2 8. Nxh2 Qh4+ 9. Kd2 Qxh2 10. Nd5 Bb6 11. f5 Qg3 12. Nxb6 axb6 13. Bf3 Nd4 14. c3 Nxf3+ 15. Qxf3 Qxf3 16. Rxf3 g6 17. f6 g5 18. Kc2 g4 19. Rf1 h5 20. Be3 h4 21. a3 g3 22. Rg1 Bg4 23. Rh1 b5 24. Bg5 h3 25. gxh3 g2 26. Rhg1 Bxh3 27. Rae1 0-0-0 28. Re2 Rdg8 29. Be3 Rg6 30. Rf2 Rg3 31. Kd2 b6 32. d4 Rh4 33. dxe5 dxe5 34. Re2 Rhg4 35. Rf2 Rxe4 36. Re2 Reg4 37. Rf2 Rg6 38. Kd3 Rg8 39. Ke4 Bd7 40. Re2 Rd8 41. Bh6 Bc6+ 42. Kf5 Rh8 43. Re3 Rg6 0-1

[Event "OP-2019-0-04816"]
[Site "LSS email"]
[Date "2019.08.02"]
[Round "?"]
[White "Shapovalov, Sergey"]
[Black "Shim Ng Min, Francis"]
[Result "1-0"]
[WhiteElo "1758"]
[BlackElo "1265"]
[PlyCount "49"]
[EventDate "2019.07.25"]
[EventType "tourn (corr)"]
[EventRounds "4"]
[EventCountry "GER"]
[SourceTitle "Corr 2022"]
[Source "ChessBase"]
[SourceDate "2021.10.24"]
[SourceVersion "1"]
[SourceVersionDate "2021.10.24"]
[SourceQuality "1"]

1. e4 c5 2. Nc3 Nc6 3. g3 e5 4. Bg2 Nf6 5. d3 d6 6. Nge2 Be7 7. f4 0-0 8. 0-0 Nd4 9. f5 Nxe2+ 10. Qxe2 Bd7 11. a4 Bc6 12. b3 h6 13. h4 d5 14. exd5 Nxd5 15. Bxd5 Bxd5 16. f6 Bxf6 17. Rxf6 Qxf6 18. Nxd5 Qd6 19. Qg2 Rad8 20. c4 f5 21. a5 e4 22. Bf4 Qd7 23. Qf2 Rc8 24. d4 cxd4 25. Qxd4 1-0

[Event "SC-2019-0-00374"]
[Site "LSS email"]
[Date "2019.07.07"]
[Round "?"]
[White "Garrett, Keith"]
[Black "Shapovalov, Sergey"]
[Result "1/2-1/2"]
[WhiteElo "1674"]
[BlackElo "1783"]
[PlyCount "76"]
[EventDate "2019.03.30"]
[EventType "tourn (corr)"]
[EventRounds "6"]
[EventCountry "GER"]
[SourceTitle "Corr 2022"]
[Source "ChessBase"]
[SourceDate "2021.10.24"]
[SourceVersion "1"]
[SourceVersionDate "2021.10.24"]
[SourceQuality "1"]

1. d4 Nf6 2. c4 e6 3. Nf3 d5 4. Nc3 dxc4 5. e4 Bb4 6. Bg5 c5 7. Bxc4 cxd4 8. Nxd4 Bxc3+ 9. bxc3 Qa5 10. Bd2 0-0 11. Qe2 e5 12. Nb3 Qc7 13. 0-0 Bg4 14. f3 Rc8 15. Bd5 Nxd5 16. exd5 Bh5 17. c4 Nd7 18. Rfc1 b6 19. a4 a5 20. Qf2 Qd6 21. Be3 Qb4 22. Qc2 Bg6 23. Qc3 Qd6 24. Qb2 Qb4 25. Bd2 Qe7 26. Qa3 Qf6 27. Rc3 e4 28. fxe4 Qe5 29. Re1 Nf6 30. Rcc1 Ng4 31. g3 Qh5 32. h4 Ne5 33. Nd4 Nxc4 34. Qd3 Nxd2 35. Rxc8+ Rxc8 36. Qxd2 Qe5 37. Qd3 Rc5 38. Nc6 Qd6 1/2-1/2

[Event "SC-2019-0-00372"]
[Site "LSS email"]
[Date "2019.05.31"]
[Round "?"]
[White "Langheld, Werner"]
[Black "Shapovalov, Sergey"]
[Result "1-0"]
[WhiteElo "1909"]
[BlackElo "1786"]
[PlyCount "47"]
[EventDate "2019.02.26"]
[EventType "tourn (corr)"]
[EventRounds "6"]
[EventCountry "GER"]
[SourceTitle "Corr 2022"]
[Source "ChessBase"]
[SourceDate "2021.10.24"]
[SourceVersion "1"]
[SourceVersionDate "2021.10.24"]
[SourceQuality "1"]

1. e4 e5 2. Nf3 Nc6 3. Bc4 Nf6 4. Ng5 d5 5. exd5 Na5 6. Bb5+ c6 7. dxc6 bxc6 8. Bd3 Nd5 9. Nf3 Bd6 10. 0-0 0-0 11. Re1 Qc7 12. Bf1 Bg4 13. h3 Bh5 14. d3 f5 15. Be2 Rae8 16. Nc3 Nb7 17. Bd2 Nc5 18. Nxd5 cxd5 19. b4 Ne6 20. c4 dxc4 21. Rc1 Bf7 22. Bf1 Bh5 23. Rxc4 e4 24. Rxc7 1-0

[Event "SC-2019-0-00372"]
[Site "LSS email"]
[Date "2019.05.27"]
[Round "?"]
[White "Mueller, Bernd"]
[Black "Shapovalov, Sergey"]
[Result "1/2-1/2"]
[WhiteElo "1720"]
[BlackElo "1786"]
[PlyCount "48"]
[EventDate "2019.02.26"]
[EventType "tourn (corr)"]
[EventRounds "6"]
[EventCountry "GER"]
[SourceTitle "Corr 2022"]
[Source "ChessBase"]
[SourceDate "2021.10.24"]
[SourceVersion "1"]
[SourceVersionDate "2021.10.24"]
[SourceQuality "1"]

1. c4 e5 2. a3 c6 3. Nf3 e4 4. Nd4 d5 5. cxd5 Nf6 6. e3 cxd5 7. d3 Bc5 8. Nc3 0-0 9. dxe4 dxe4 10. Be2 Qe7 11. b4 Bxd4 12. exd4 Rd8 13. Be3 Nc6 14. 0-0 Be6 15. Qd2 Rac8 16. Rac1 h6 17. Rfd1 Bb3 18. Re1 Be6 19. h3 a6 20. Bf1 b5 21. Red1 Bb3 22. Re1 Qd6 23. Qb2 Be6 24. Red1 Bd5 1/2-1/2

[Event "RC-2019-0-00230"]
[Site "LSS email"]
[Date "2019.05.27"]
[Round "?"]
[White "Sandocal, Uzmir"]
[Black "Shapovalov, Sergey"]
[Result "1/2-1/2"]
[WhiteElo "1879"]
[BlackElo "1786"]
[PlyCount "69"]
[EventDate "2019.01.31"]
[EventType "tourn (corr)"]
[EventRounds "6"]
[EventCountry "GER"]
[SourceTitle "Corr 2022"]
[Source "ChessBase"]
[SourceDate "2021.10.24"]
[SourceVersion "1"]
[SourceVersionDate "2021.10.24"]
[SourceQuality "1"]

1. b3 e5 2. e3 d5 3. Bb2 Nc6 4. Bb5 Bd6 5. Nf3 f6 6. c4 a6 7. Bxc6+ bxc6 8. Nc3 dxc4 9. bxc4 Rb8 10. Na4 Ne7 11. c5 Bxc5 12. Bxe5 Ba3 13. Bg3 c5 14. Rb1 Rxb1 15. Qxb1 Be6 16. 0-0 Nf5 17. Qc2 Nxg3 18. hxg3 Qd6 19. Rd1 0-0 20. d4 Rd8 21. d5 h6 22. e4 Bg4 23. Re1 c4 24. Nd2 Bd7 25. Rb1 Qe7 26. Qxc4 Bd6 27. Nc3 Re8 28. Rb3 a5 29. Nb5 Bxb5 30. Qxb5 f5 31. Rc3 Rf8 32. Qc4 fxe4 33. Nxe4 Qe5 34. Rf3 Rb8 35. Rb3 1/2-1/2

[Event "RC-2019-0-00230"]
[Site "LSS email"]
[Date "2019.05.27"]
[Round "?"]
[White "Shapovalov, Sergey"]
[Black "Kraujunas, Vladas"]
[Result "1/2-1/2"]
[WhiteElo "1786"]
[BlackElo "1832"]
[PlyCount "35"]
[EventDate "2019.01.31"]
[EventType "tourn (corr)"]
[EventRounds "6"]
[EventCountry "GER"]
[SourceTitle "Corr 2022"]
[Source "ChessBase"]
[SourceDate "2021.10.24"]
[SourceVersion "1"]
[SourceVersionDate "2021.10.24"]
[SourceQuality "1"]

1. e4 e5 2. Nf3 Nc6 3. d3 Nf6 4. Nbd2 Bc5 5. Be2 0-0 6. c3 d5 7. b4 Bd6 8. 0-0 Ne7 9. Qc2 Ng6 10. exd5 Nxd5 11. g3 Bh3 12. Rd1 Qd7 13. Ne4 Rad8 14. a3 Ndf4 15. gxf4 Qg4+ 16. Ng3 exf4 17. Nd4 Qh4 18. Nf3 1/2-1/2

[Event "CP-2018-P-00006"]
[Site "LSS email"]
[Date "2018.09.27"]
[Round "?"]
[White "Shapovalov, Sergey"]
[Black "Koch, Christian"]
[Result "1/2-1/2"]
[WhiteElo "1767"]
[BlackElo "2307"]
[PlyCount "68"]
[EventDate "2018.10.01"]
[EventType "tourn (corr)"]
[EventRounds "6"]
[EventCountry "GER"]
[SourceTitle "Corr 2022"]
[Source "ChessBase"]
[SourceDate "2021.10.24"]
[SourceVersion "1"]
[SourceVersionDate "2021.10.24"]
[SourceQuality "1"]

1. e4 c5 2. Nf3 d6 3. d4 cxd4 4. Nxd4 Nf6 5. Nc3 a6 6. Be3 e5 7. Nb3 Be6 8. f3 h5 9. Qd2 Nbd7 10. Nd5 Bxd5 11. exd5 g6 12. Be2 Bg7 13. 0-0 b6 14. c4 0-0 15. Rae1 Re8 16. h3 Qc7 17. Qb4 a5 18. Qa4 b5 19. Qxb5 Rec8 20. Rb1 a4 21. Nd2 e4 22. Nxe4 Nxe4 23. fxe4 Nc5 24. Bxc5 dxc5 25. b4 Bd4+ 26. Kh1 Rcb8 27. Qc6 Qxc6 28. dxc6 Rxb4 29. g4 Rc8 30. Rfd1 Be5 31. gxh5 Rxc6 32. hxg6 Rxg6 33. Rxb4 cxb4 34. c5 b3 1/2-1/2

[Event "CP-2018-P-00006"]
[Site "LSS email"]
[Date "2018.09.27"]
[Round "?"]
[White "Vodicka, Milan"]
[Black "Shapovalov, Sergey"]
[Result "1/2-1/2"]
[WhiteElo "1993"]
[BlackElo "1767"]
[PlyCount "88"]
[EventDate "2018.10.01"]
[EventType "tourn (corr)"]
[EventRounds "6"]
[EventCountry "GER"]
[SourceTitle "Corr 2022"]
[Source "ChessBase"]
[SourceDate "2021.10.24"]
[SourceVersion "1"]
[SourceVersionDate "2021.10.24"]
[SourceQuality "1"]

1. e4 e5 2. Nf3 Nc6 3. d4 exd4 4. Bc4 Nf6 5. e5 Ne4 6. 0-0 d5 7. exd6 Nxd6 8. Bd5 Nf5 9. Bxc6+ bxc6 10. Re1+ Be7 11. g4 Nh6 12. Bg5 Be6 13. Bxe7 Qxe7 14. h3 c5 15. Qd3 Rb8 16. Nbd2 Rxb2 17. Qa3 Rb6 18. Nc4 Rb8 19. Nce5 Qd6 20. Qa4+ Kf8 21. Qxa7 Rd8 22. Rab1 g6 23. Rb5 f6 24. g5 fxe5 25. gxh6 Ke7 26. Rxc5 Ra8 27. Rxc7+ Kf6 28. Rc6 Rxa7 29. Rxd6 Ra5 30. h4 Kf5 31. Nxd4+ exd4 32. Rexe6 Rxa2 33. Re7 Ra4 34. Rd5+ Kf6 35. Re4 Rc8 36. Rd7 Kf5 37. Re2 Rh8 38. Kg2 d3 39. Rf7+ Kg4 40. cxd3 Kxh4 41. Re5 g5 42. Re4+ Rxe4 43. dxe4 Kh5 44. Rf6 Rb8 1/2-1/2

[Event "SC-2018-0-00345"]
[Site "LSS email"]
[Date "2018.03.02"]
[Round "?"]
[White "Lombart, Philippe"]
[Black "Shapovalov, Sergey"]
[Result "1-0"]
[WhiteElo "1717"]
[BlackElo "1732"]
[PlyCount "100"]
[EventDate "2018.01.01"]
[EventType "tourn (corr)"]
[EventRounds "6"]
[EventCountry "GER"]
[SourceTitle "Corr 2022"]
[Source "ChessBase"]
[SourceDate "2021.10.24"]
[SourceVersion "1"]
[SourceVersionDate "2021.10.24"]
[SourceQuality "1"]

1. d4 Nf6 2. c4 e6 3. Nc3 Bb4 4. e3 0-0 5. Bd3 d5 6. Nge2 dxc4 7. Bxc4 e5 8. 0-0 Nc6 9. a3 Bd6 10. d5 Ne7 11. Ng3 Bd7 12. Qe2 Nf5 13. Nxf5 Bxf5 14. e4 Bg6 15. f3 Nh5 16. g3 a6 17. Be3 Qe7 18. Rac1 Nf6 19. Bd3 Nd7 20. b4 h6 21. Qc2 Rfc8 22. Qd2 b5 23. Kh1 Nb6 24. Nd1 Nc4 25. Bxc4 bxc4 26. Rxc4 f5 27. Nc3 a5 28. Bc5 axb4 29. axb4 fxe4 30. Nxe4 Rd8 31. Bxd6 cxd6 32. b5 Qb7 33. Nc3 Qb6 34. Kg2 Rdb8 35. Rf2 Be8 36. Rc6 Qd4 37. Rxd6 Bxb5 38. Qxd4 exd4 39. Nxb5 Rxb5 40. Rd2 Rb4 41. f4 Kf7 42. Re6 Ra5 43. Re5 Rc5 44. Kh3 Kf6 45. Ra2 Rb6 46. Ra8 Rc7 47. Re4 d3 48. Rf8+ Rf7 49. Rfe8 g5 50. fxg5+ hxg5 1-0

[Event "RC-2018-0-00218"]
[Site "LSS email"]
[Date "2018.02.26"]
[Round "?"]
[White "Ederer, Karel"]
[Black "Shapovalov, Sergey"]
[Result "1/2-1/2"]
[WhiteElo "1900"]
[BlackElo "1732"]
[PlyCount "129"]
[EventDate "2017.11.17"]
[EventType "tourn (corr)"]
[EventRounds "6"]
[EventCountry "GER"]
[SourceTitle "Corr 2022"]
[Source "ChessBase"]
[SourceDate "2021.10.24"]
[SourceVersion "1"]
[SourceVersionDate "2021.10.24"]
[SourceQuality "1"]

1. e4 c5 2. Nf3 d6 3. d4 cxd4 4. Nxd4 Nf6 5. Nc3 g6 6. Be3 Bg7 7. f3 0-0 8. Qd2 Nc6 9. 0-0-0 d5 10. Kb1 Nxd4 11. e5 Nf5 12. exf6 Bxf6 13. Nxd5 Qxd5 14. Qxd5 Nxe3 15. Qd3 Nxd1 16. Qxd1 Be6 17. Bd3 Rfd8 18. Qe2 Rd6 19. g4 Rad8 20. f4 a6 21. h4 Bd5 22. Rc1 Bxh4 23. g5 h6 24. gxh6 f5 25. Bc4 Bxc4 26. Qxc4+ Kh7 27. c3 b5 28. Qf7+ Kxh6 29. a4 Rd1 30. Rxd1 Rxd1+ 31. Kc2 Rg1 32. a5 Rg2+ 33. Kb3 Rd2 34. Qf8+ Kh5 35. Qa8 Rd6 36. Qf3+ Kh6 37. Qh3 Kh5 38. Kb4 Rf6 39. c4 bxc4 40. Kxc4 g5 41. fxg5 Kxg5 42. Qg2+ Kh6 43. b4 f4 44. Qf3 Bg5 45. Kc5 Kg7 46. b5 Rf5+ 47. Kb6 Rxb5+ 48. Kxa6 Rf5 49. Kb6 e5 50. a6 Bd8+ 51. Kc6 Rf6+ 52. Kb5 Bb6 53. Qg4+ Rg6 54. Qd7+ Kh6 55. Kc4 Rf6 56. a7 Bxa7 57. Qxa7 f3 58. Qf2 Kg5 59. Kd5 Rf5 60. Qg3+ Kh6 61. Ke6 Rf8 62. Qh4+ Kg6 63. Qe4+ Kg5 64. Qxe5+ Kh4 65. Qd6 1/2-1/2

[Event "RC-2018-0-00218"]
[Site "LSS email"]
[Date "2018.02.26"]
[Round "?"]
[White "Shapovalov, Sergey"]
[Black "Sirotkin, Evgenji"]
[Result "0-1"]
[WhiteElo "1732"]
[BlackElo "1835"]
[PlyCount "101"]
[EventDate "2017.11.17"]
[EventType "tourn (corr)"]
[EventRounds "6"]
[EventCountry "GER"]
[SourceTitle "Corr 2022"]
[Source "ChessBase"]
[SourceDate "2021.10.24"]
[SourceVersion "1"]
[SourceVersionDate "2021.10.24"]
[SourceQuality "1"]

1. e4 e5 2. Nf3 Nf6 3. Nxe5 d6 4. Nf3 Nxe4 5. d4 d5 6. Bd3 Bd6 7. 0-0 0-0 8. c4 c6 9. Qc2 Na6 10. a3 Bg4 11. Ne5 Bxe5 12. dxe5 Nac5 13. f3 Nxd3 14. Qxd3 Nc5 15. Qd4 Nb3 16. Qxg4 Nxa1 17. Bh6 g6 18. Nc3 Qb6+ 19. Rf2 Rfe8 20. Qf4 Qc7 21. Re2 Re6 22. cxd5 cxd5 23. Qd4 Nb3 24. Qxd5 Na5 25. Nb5 Qc6 26. Qxc6 Rxc6 27. Nd4 Rb6 28. Bd2 Nc6 29. Nxc6 Rxc6 30. Bc3 Kf8 31. Re4 Ke7 32. g4 g5 33. Kg2 Rd8 34. f4 gxf4 35. Rxf4 Rd3 36. Rb4 Rb6 37. Rc4 Rg6 38. Rb4 b5 39. Rxb5 Rxg4+ 40. Kf2 Rh3 41. Rb7+ Ke6 42. Rxa7 h5 43. Ra6+ Kf5 44. Ra7 Rxh2+ 45. Kf3 Rh3+ 46. Kf2 Rf4+ 47. Ke2 Kg4 48. e6 fxe6 49. a4 Rff3 50. Rg7+ Kf4 51. Rg2 0-1

[Event "RC-2018-0-00218"]
[Site "LSS email"]
[Date "2018.02.26"]
[Round "?"]
[White "Shapovalov, Sergey"]
[Black "Sundqvist, Christer"]
[Result "1/2-1/2"]
[WhiteElo "1732"]
[BlackElo "1600"]
[PlyCount "46"]
[EventDate "2017.11.17"]
[EventType "tourn (corr)"]
[EventRounds "6"]
[EventCountry "GER"]
[SourceTitle "Corr 2022"]
[Source "ChessBase"]
[SourceDate "2021.10.24"]
[SourceVersion "1"]
[SourceVersionDate "2021.10.24"]
[SourceQuality "1"]

1. e4 c5 2. Nf3 d6 3. d4 cxd4 4. Nxd4 Nf6 5. Nc3 a6 6. Be3 e5 7. Nb3 Be6 8. f3 Nbd7 9. Qd2 h5 10. Nd5 Nxd5 11. exd5 Bf5 12. Be2 Rc8 13. Rc1 Qh4+ 14. g3 Qf6 15. 0-0 Be7 16. Na5 Rc7 17. Bd3 0-0 18. c4 Bxd3 19. Qxd3 Re8 20. Rc3 g6 21. Rb3 Rb8 22. Ba7 Ra8 23. Be3 Rb8 1/2-1/2

[Event "RC-2017-0-00211"]
[Site "LSS email"]
[Date "2017.09.05"]
[Round "?"]
[White "Shapovalov, Sergey"]
[Black "Brayman, Neal Zvi"]
[Result "1/2-1/2"]
[WhiteElo "1738"]
[BlackElo "1769"]
[PlyCount "30"]
[EventDate "2017.04.29"]
[EventType "tourn (corr)"]
[EventRounds "6"]
[EventCountry "GER"]
[SourceTitle "Corr 2022"]
[Source "ChessBase"]
[SourceDate "2021.10.24"]
[SourceVersion "1"]
[SourceVersionDate "2021.10.24"]
[SourceQuality "1"]

1. d4 e6 2. c4 Nf6 3. g3 d5 4. Bg2 dxc4 5. Nf3 c5 6. 0-0 Nc6 7. Qa4 Bd7 8. Qxc4 b5 9. Qc3 b4 10. Qd3 cxd4 11. Nxd4 Rc8 12. Nxc6 Bxc6 13. Qxd8+ Kxd8 14. a3 a5 15. Rd1+ Kc7 1/2-1/2

[Event "RC-2015-0-00180"]
[Site "LSS email"]
[Date "2015.12.30"]
[Round "?"]
[White "Habes, Jiri"]
[Black "Shapovalov, Sergey"]
[Result "1/2-1/2"]
[WhiteElo "1819"]
[BlackElo "1725"]
[PlyCount "47"]
[EventDate "2015.08.07"]
[EventType "tourn (corr)"]
[EventRounds "6"]
[EventCountry "GER"]
[SourceTitle "Corr 2022"]
[Source "ChessBase"]
[SourceDate "2021.10.24"]
[SourceVersion "1"]
[SourceVersionDate "2021.10.24"]
[SourceQuality "1"]

1. e4 e5 2. Nf3 Nc6 3. Nc3 Nf6 4. Bc4 Nxe4 5. Nxe4 d5 6. Bd3 dxe4 7. Bxe4 Bd6 8. 0-0 0-0 9. Re1 Re8 10. c3 h6 11. b4 Nb8 12. Bb2 Nd7 13. d4 exd4 14. Qxd4 Nf6 15. Bc2 Be6 16. a3 b5 17. Ne5 Qe7 18. Nc6 Qd7 19. Ne5 Bxe5 20. Rxe5 Rad8 21. Rae1 Qc6 22. Qf4 Bd5 23. Rxe8+ Rxe8 24. Rxe8+ 1/2-1/2